000
00293nam a22001217a 4500
008
160427b xxu||||| |||| 00| 0 eng d
020
_a
9780781716239
020
_a
0781716233
041
_a
eng
080
_a
618.2
245
_a
Nursing care of older adults:
_c
Carol A. Miller;
942
_2
udc
_c
BK
999
_c
1639
_d
1639